[Event "Cheliabinsk Panchenko Memorial op-A"]
[Site "Cheliabinsk"]
[Date "2021.09.14"]
[Round "2"]
[White "Aitbayev, Aslan"]
[Black "Sotnikov, Alexander I"]
[Result "1-0"]
[WhiteElo "2447"]
[BlackElo "2077"]
[PlyCount "67"]
[EventDate "2021.09.13"]
[EventType "swiss"]
[EventRounds "10"]
[EventCountry "RUS"]
[SourceTitle "CBM 204 Extra"]
[Source "ChessBase"]
[SourceDate "2021.11.30"]
[SourceVersion "1"]
[SourceVersionDate "2021.11.30"]
[SourceQuality "1"]

1. e4 c6 2. d4 g6 3. Nc3 Bg7 4. Be3 Qb6 5. a3 d6 6. Nf3 Bg4 7. Bc4 e6 8. 0-0 Qc7 9. h3 Bxf3 10. Qxf3 Nd7 11. Ba2 Ne7 12. d5 cxd5 13. exd5 e5 14. Nb5 Qb8 15. c4 a6 16. Nc3 0-0 17. Ne4 b6 18. b4 Nf5 19. Rab1 Nxe3 20. Qxe3 a5 21. Bb3 axb4 22. axb4 f5 23. Ng5 Bh6 24. h4 f4 25. Qh3 Bxg5 26. Qxd7 Bxh4 27. c5 f3 28. g3 Bf6 29. cxd6 Rd8 30. Qg4 Qxd6 31. Rfc1 Ra3 32. Rc6 Rxb3 33. Rxb3 Qxd5 34. Qxf3 1-0

[Event "Cheliabinsk Panchenko Memorial op-A"]
[Site "Cheliabinsk"]
[Date "2020.09.14"]
[Round "8"]
[White "Makarian, Rudik"]
[Black "Sotnikov, Alexander I"]
[Result "1-0"]
[WhiteElo "2442"]
[BlackElo "2092"]
[PlyCount "77"]
[EventDate "2020.09.07"]
[EventType "swiss"]
[EventRounds "9"]
[EventCountry "RUS"]
[SourceTitle "CBM 198 Extra"]
[Source "ChessBase"]
[SourceDate "2020.11.30"]
[SourceVersion "1"]
[SourceVersionDate "2020.11.30"]
[SourceQuality "1"]

1. d4 Nf6 2. Nf3 b6 3. g3 Bb7 4. Bg2 c5 5. c4 cxd4 6. Qxd4 g6 7. 0-0 Bg7 8. Nc3 Nc6 9. Qf4 Rc8 10. Rd1 Na5 11. b3 Nh5 12. Qe3 0-0 13. Bb2 f5 14. Rac1 f4 15. Qd3 fxg3 16. hxg3 Nf6 17. Bh3 Bxf3 18. exf3 Nc6 19. f4 e5 20. Nd5 exf4 21. Nxf4 g5 22. Nd5 g4 23. Bg2 Rf7 24. Ne3 Kh8 25. Nf5 Bf8 26. Nd6 Bxd6 27. Qxd6 Qe7 28. Qxe7 Nxe7 29. Rxd7 Kg7 30. Rxa7 Nf5 31. Ra6 Rb8 32. c5 bxc5 33. Rxc5 Ne7 34. Rg5+ Kh6 35. Rxf6+ Rxf6 36. Bxf6 Ng8 37. Be5 Rb5 38. Rxg8 Rxe5 39. Rxg4 1-0

[Event "Cheliabinsk Panchenko Memorial op-A"]
[Site "Cheliabinsk"]
[Date "2020.09.11"]
[Round "5"]
[White "Sotnikov, Alexander I"]
[Black "Gridnev, Selantiy"]
[Result "1-0"]
[WhiteElo "2092"]
[BlackElo "1687"]
[PlyCount "63"]
[EventDate "2020.09.07"]
[EventType "swiss"]
[EventRounds "9"]
[EventCountry "RUS"]
[SourceTitle "CBM 198 Extra"]
[Source "ChessBase"]
[SourceDate "2020.11.30"]
[SourceVersion "1"]
[SourceVersionDate "2020.11.30"]
[SourceQuality "1"]

1. f4 e5 2. fxe5 d6 3. exd6 Bxd6 4. Nf3 g5 5. g3 h5 6. d4 g4 7. Nh4 Be7 8. Ng2 h4 9. Rg1 Nf6 10. Qd3 Nc6 11. c3 Qd5 12. Nf4 Qe4 13. Bg2 Qxd3 14. Nxd3 Bf5 15. Nd2 Bxd3 16. exd3 0-0-0 17. Nf1 Nh5 18. Kd1 hxg3 19. hxg3 Bd6 20. Be4 Ne7 21. Bg5 Rdg8 22. Bxe7 Bxe7 23. Kc2 Rg5 24. Ne3 Ng7 25. Raf1 Rf8 26. Bf5+ Nxf5 27. Nxf5 Kd7 28. Rh1 Ke6 29. d5+ Kxd5 30. Nxe7+ Ke6 31. Re1+ Kd7 32. Rhf1 1-0

[Event "Cheliabinsk Panchenko Memorial op-A"]
[Site "Cheliabinsk"]
[Date "2020.09.09"]
[Round "3"]
[White "Sotnikov, Alexander I"]
[Black "Belyakov, Bogdan"]
[Result "0-1"]
[WhiteElo "2092"]
[BlackElo "2481"]
[PlyCount "58"]
[EventDate "2020.09.07"]
[EventType "swiss"]
[EventRounds "9"]
[EventCountry "RUS"]
[SourceTitle "CBM 198 Extra"]
[Source "ChessBase"]
[SourceDate "2020.11.30"]
[SourceVersion "1"]
[SourceVersionDate "2020.11.30"]
[SourceQuality "1"]

1. b3 Nf6 2. Bb2 g6 3. f4 Bg7 4. Nf3 c5 5. c4 d5 6. cxd5 Qxd5 7. Nc3 Qd8 8. g3 b6 9. Bg2 Bb7 10. 0-0 0-0 11. Qb1 Nc6 12. Ne5 Qc8 13. Nd1 Rd8 14. Nxc6 Bxc6 15. Bxc6 Qxc6 16. d3 Qe6 17. Qc2 Nd5 18. Bxg7 Kxg7 19. Qb2+ Kg8 20. Rf3 a5 21. Nf2 a4 22. e4 Nb4 23. bxa4 Rxa4 24. f5 gxf5 25. exf5 Qf6 26. Qxf6 exf6 27. a3 Rda8 28. Ne4 Nd5 29. g4 Rxa3 0-1

[Event "Cheliabinsk Panchenko Memorial op"]
[Site "Cheliabinsk"]
[Date "2019.09.16"]
[Round "8"]
[White "Mironenko, Galina"]
[Black "Sotnikov, Alexander I"]
[Result "1-0"]
[WhiteElo "1982"]
[BlackElo "2105"]
[PlyCount "55"]
[EventDate "2019.09.09"]
[EventType "swiss"]
[EventRounds "9"]
[EventCountry "RUS"]
[SourceTitle "EXT 2020"]
[Source "ChessBase"]
[SourceDate "2019.10.17"]
[SourceVersion "1"]
[SourceVersionDate "2019.10.17"]
[SourceQuality "1"]

1. e4 b6 2. d4 Bb7 3. Bd3 Nf6 4. Qe2 Nc6 5. c3 e5 6. d5 Ne7 7. Nf3 Ng6 8. h4 h5 9. Bg5 c6 10. Nbd2 Qc7 11. 0-0 Ng4 12. c4 f6 13. Be3 Nxe3 14. fxe3 Bc5 15. Kh1 a5 16. Rac1 Qd6 17. Qe1 Ne7 18. Nb3 Bb4 19. Qg3 a4 20. Nbd2 a3 21. bxa3 Bxa3 22. c5 Bxc5 23. Nc4 Qc7 24. Qxg7 0-0-0 25. Qxf6 d6 26. Ng5 Rd7 27. Qxh8+ Rd8 28. Qf6 1-0

[Event "Cheliabinsk Panchenko Memorial op"]
[Site "Cheliabinsk"]
[Date "2019.09.13"]
[Round "5"]
[White "Sotnikov, Alexander I"]
[Black "Makov, Artem"]
[Result "1/2-1/2"]
[WhiteElo "2105"]
[BlackElo "1928"]
[PlyCount "105"]
[EventDate "2019.09.09"]
[EventType "swiss"]
[EventRounds "9"]
[EventCountry "RUS"]
[SourceTitle "EXT 2020"]
[Source "ChessBase"]
[SourceDate "2019.10.17"]
[SourceVersion "1"]
[SourceVersionDate "2019.10.17"]
[SourceQuality "1"]

1. f4 d5 2. b3 c5 3. e3 Nc6 4. Bb2 Nf6 5. Bb5 Bf5 6. Bxc6+ bxc6 7. Nf3 Nd7 8. Nh4 e6 9. Nxf5 exf5 10. Qf3 Nf6 11. 0-0 g6 12. c4 Bg7 13. Rc1 Rc8 14. Be5 0-0 15. Qe2 Re8 16. cxd5 cxd5 17. Nc3 d4 18. Nd1 d3 19. Qe1 Rxe5 20. fxe5 Ne4 21. Rc4 Bxe5 22. Rac1 h5 23. Nf2 Ng5 24. h4 Ne6 25. Qf1 Bg3 26. Nxd3 f4 27. exf4 Qxh4 28. Qf3 Re8 29. Nf2 Nxf4 30. Nh3 Ne2+ 31. Kh1 Nd4 32. Qd5 Re5 33. Qd7 Bf4 34. Rxd4 cxd4 35. Rc8+ Kg7 36. Qxd4 Qe1+ 37. Ng1 Qh4+ 38. Nh3 Qe1+ 39. Ng1 Qg3 40. Nf3 Kh7 41. Rc1 Re2 42. Qg1 Rxd2 43. a4 Rf2 44. Rf1 Re2 45. Qh2 Qg4 46. Qh3 Qxh3+ 47. gxh3 Re3 48. b4 Re4 49. Rb1 Kg7 50. a5 Re3 51. Kg2 Re2+ 52. Kf1 Ra2 53. Rb3 1/2-1/2

[Event "Cheliabinsk Panchenko Memorial op"]
[Site "Cheliabinsk"]
[Date "2019.09.10"]
[Round "2"]
[White "Gridnev, Selantiy"]
[Black "Sotnikov, Alexander I"]
[Result "1-0"]
[WhiteElo "1578"]
[BlackElo "2105"]
[PlyCount "57"]
[EventDate "2019.09.09"]
[EventType "swiss"]
[EventRounds "9"]
[EventCountry "RUS"]
[SourceTitle "EXT 2020"]
[Source "ChessBase"]
[SourceDate "2019.10.17"]
[SourceVersion "1"]
[SourceVersionDate "2019.10.17"]
[SourceQuality "1"]

1. e4 d6 2. d4 Nf6 3. Bd3 e5 4. Nf3 Nbd7 5. 0-0 Be7 6. Nc3 c6 7. Qe2 exd4 8. Nxd4 Ne5 9. h3 0-0 10. Be3 Nxd3 11. Qxd3 Qc7 12. Rad1 b5 13. Nce2 a6 14. Ng3 d5 15. exd5 cxd5 16. Ngf5 Bd8 17. c3 Be6 18. Rfe1 Qd7 19. Bh6 Ne8 20. Nxg7 Nxg7 21. Bxg7 Kxg7 22. Qg3+ Kh6 23. Re5 Re8 24. f4 f6 25. Rxe6 Qxe6 26. Nxe6 Rxe6 27. Rxd5 Bb6+ 28. Kh2 Ra7 29. Qg4 1-0

[Event "Cheliabinsk Kibizov Memorial 8th"]
[Site "Cheliabinsk"]
[Date "2013.06.28"]
[Round "7"]
[White "Litvinenko, Ekaterina"]
[Black "Sotnikov, Alexander I"]
[Result "0-1"]
[WhiteElo "1933"]
[BlackElo "2195"]
[PlyCount "68"]
[EventDate "2013.06.22"]
[EventType "swiss"]
[EventRounds "9"]
[EventCountry "RUS"]
[SourceTitle "EXT 2014"]
[Source "ChessBase"]
[SourceDate "2013.11.20"]
[SourceVersion "1"]
[SourceVersionDate "2013.11.20"]
[SourceQuality "1"]

1. e4 b6 2. d4 Bb7 3. Bd3 Nf6 4. Qe2 Nc6 5. c3 e5 6. Nf3 Bd6 7. dxe5 Bxe5 8. Nxe5 Nxe5 9. Bc2 0-0 10. 0-0 Re8 11. Bg5 a5 12. Re1 h6 13. Bh4 d5 14. Nd2 Ng6 15. Bxf6 Qxf6 16. f3 d4 17. Qc4 Qg5 18. Rad1 dxc3 19. Qxc3 Rad8 20. Nf1 Ba6 21. Qe3 Qb5 22. Bb3 a4 23. Rd5 Rxd5 24. Bxd5 c6 25. Bxf7+ Kxf7 26. Kh1 Qc5 27. Qd2 Bxf1 28. Rxf1 Qc4 29. Rc1 Rd8 30. Qe1 Qd4 31. h3 Qd2 32. Qf1 c5 33. f4 Rd3 34. f5 Nf4 0-1

[Event "Cheliabinsk Kibizov Memorial 8th"]
[Site "Cheliabinsk"]
[Date "2013.06.24"]
[Round "3"]
[White "Shurunov, Andrei"]
[Black "Sotnikov, Alexander I"]
[Result "1-0"]
[WhiteElo "2038"]
[BlackElo "2195"]
[PlyCount "65"]
[EventDate "2013.06.22"]
[EventType "swiss"]
[EventRounds "9"]
[EventCountry "RUS"]
[SourceTitle "EXT 2014"]
[Source "ChessBase"]
[SourceDate "2013.11.20"]
[SourceVersion "1"]
[SourceVersionDate "2013.11.20"]
[SourceQuality "1"]

1. d4 b6 2. Nf3 e6 3. c4 Bb7 4. Nc3 Bb4 5. Qc2 c5 6. e4 cxd4 7. Nxd4 Bxc3+ 8. Qxc3 Bxe4 9. Nb5 Kf8 10. Bf4 Nc6 11. Bd6+ Nce7 12. f3 Bg6 13. g4 a6 14. Nd4 h5 15. g5 f6 16. 0-0-0 Kf7 17. Bh3 e5 18. Ne2 Bf5 19. Bxf5 Nxf5 20. g6+ Ke8 21. f4 e4 22. Rhe1 Nge7 23. Ng3 Nxd6 24. Rxd6 Qc7 25. Nxe4 Rc8 26. c5 Kd8 27. Red1 Ke8 28. Kb1 Rf8 29. Rxd7 Qxf4 30. R7d4 Qf5 31. Kc1 Qe5 32. Nd6+ Kd7 33. Nc4+ 1-0

[Event "Cheliabinsk Region-ch"]
[Site "Cheliabinsk"]
[Date "2012.02.26"]
[Round "9"]
[White "Tsvetkov, Pavel"]
[Black "Sotnikov, Alexander I"]
[Result "1-0"]
[WhiteElo "2093"]
[BlackElo "2229"]
[PlyCount "43"]
[EventDate "2012.02.18"]
[EventType "swiss"]
[EventRounds "9"]
[EventCountry "RUS"]
[SourceTitle "EXT 2014"]
[Source "ChessBase"]
[SourceDate "2013.11.20"]
[SourceVersion "1"]
[SourceVersionDate "2013.11.20"]
[SourceQuality "1"]

1. e4 d6 2. d4 c6 3. Nc3 g6 4. Be3 Bg7 5. Qd2 Nd7 6. 0-0-0 b5 7. Bd3 Nb6 8. f4 a5 9. Nf3 b4 10. Ne2 Be6 11. d5 cxd5 12. Bb5+ Kf8 13. e5 Rc8 14. Ned4 Nc4 15. Nxe6+ fxe6 16. Qd3 Bh6 17. Nd4 Kf7 18. Nxe6 Kxe6 19. Qxd5+ Kf5 20. g4+ Kxg4 21. Qe6+ Kf3 22. Qh3+ 1-0

[Event "Cheliabinsk Region-ch"]
[Site "Cheliabinsk"]
[Date "2012.02.21"]
[Round "4"]
[White "Sotnikov, Alexander I"]
[Black "Sofyin, Pavel"]
[Result "1-0"]
[WhiteElo "2229"]
[BlackElo "1988"]
[PlyCount "92"]
[EventDate "2012.02.18"]
[EventType "swiss"]
[EventRounds "9"]
[EventCountry "RUS"]
[SourceTitle "EXT 2014"]
[Source "ChessBase"]
[SourceDate "2013.11.20"]
[SourceVersion "1"]
[SourceVersionDate "2013.11.20"]
[SourceQuality "1"]

1. Nf3 Nf6 2. b3 d5 3. Bb2 Bf5 4. g3 c6 5. d3 e6 6. Nh4 Bg4 7. h3 Bh5 8. g4 Nfd7 9. Ng2 Bg6 10. Nf4 e5 11. Nxg6 hxg6 12. Bg2 Bd6 13. e3 Qe7 14. Qe2 a5 15. a3 Na6 16. Nd2 g5 17. c4 Nc7 18. cxd5 cxd5 19. Rc1 Nf8 20. 0-0 Ng6 21. Rfd1 0-0 22. a4 Nh4 23. Bh1 Rad8 24. Rc2 Na6 25. Bc3 Bc7 26. Rdc1 Qd6 27. Nf1 Bb6 28. d4 e4 29. Qe1 Nb4 30. Bxb4 axb4 31. Nd2 Ba7 32. f4 gxf4 33. Qxh4 fxe3 34. Nf1 Bxd4 35. Re2 f5 36. Rd1 Qb6 37. gxf5 Rd7 38. Qg5 Rf6 39. Bg2 Qa6 40. Ng3 Be5 41. Rxe3 Qb6 42. Kh1 Qc7 43. Nh5 Rc6 44. Ree1 Bc3 45. Rf1 Qe5 46. Qg4 e3 1-0

[Event "Cheliabinsk Region-ch"]
[Site "Cheliabinsk"]
[Date "2012.02.19"]
[Round "2"]
[White "Sotnikov, Alexander I"]
[Black "Shnayder, Violetta"]
[Result "1-0"]
[WhiteElo "2229"]
[BlackElo "1879"]
[PlyCount "87"]
[EventDate "2012.02.18"]
[EventType "swiss"]
[EventRounds "9"]
[EventCountry "RUS"]
[SourceTitle "EXT 2014"]
[Source "ChessBase"]
[SourceDate "2013.11.20"]
[SourceVersion "1"]
[SourceVersionDate "2013.11.20"]
[SourceQuality "1"]

1. d4 Nf6 2. g3 g6 3. Bg2 Bg7 4. e4 d6 5. Nc3 Nbd7 6. Bg5 h6 7. Be3 0-0 8. f4 c6 9. e5 dxe5 10. dxe5 Nh7 11. h4 Nb6 12. Qe2 h5 13. Be4 Bg4 14. Nf3 Nd5 15. Nxd5 cxd5 16. Bd3 Qa5+ 17. c3 b5 18. Bc5 Qc7 19. Bd4 Rab8 20. Qe3 a5 21. 0-0 Qd7 22. Bb6 a4 23. Bc5 Rfc8 24. Nh2 Bh3 25. Rf2 e6 26. a3 Bf8 27. Bd4 Qc6 28. Rd1 Bc5 29. Be2 Be7 30. g4 Bxg4 31. Bxg4 hxg4 32. Nxg4 Qe8 33. Rh2 Qf8 34. h5 gxh5 35. Rxh5 Qg7 36. Kf2 Qg6 37. Rdh1 Qc2+ 38. Kf3 Qg6 39. Rxh7 Qxh7 40. Rxh7 Kxh7 41. f5 exf5 42. Qh6+ Kg8 43. Nf6+ Bxf6 44. exf6 1-0

[Event "Cheliabinsk Region-ch"]
[Site "Cheliabinsk"]
[Date "2012.02.18"]
[Round "1"]
[White "Vasiliev, Sergey A"]
[Black "Sotnikov, Alexander I"]
[Result "1-0"]
[WhiteElo "1972"]
[BlackElo "2229"]
[PlyCount "95"]
[EventDate "2012.02.18"]
[EventType "swiss"]
[EventRounds "9"]
[EventCountry "RUS"]
[SourceTitle "EXT 2014"]
[Source "ChessBase"]
[SourceDate "2013.11.20"]
[SourceVersion "1"]
[SourceVersionDate "2013.11.20"]
[SourceQuality "1"]

1. e4 b6 2. d4 Bb7 3. Nc3 e6 4. Nf3 Bb4 5. Bd3 Nf6 6. Qe2 d5 7. e5 Ne4 8. Bd2 Nxd2 9. Qxd2 c5 10. a3 Ba5 11. Bb5+ Kf8 12. Be2 Qc8 13. 0-0 cxd4 14. Nxd4 Bxc3 15. bxc3 Ba6 16. f4 Bxe2 17. Nxe2 Qc5+ 18. Kh1 g6 19. g4 Rg8 20. Nd4 Ke7 21. f5 exf5 22. gxf5 g5 23. f6+ Kd7 24. Rae1 Nc6 25. e6+ fxe6 26. Nxe6 Qd6 27. f7 Rgf8 28. Nxf8+ Rxf8 29. Qxg5 d4 30. cxd4 Nd8 31. Qf5+ Kc7 32. Qe5 Rxf7 33. Qxd6+ Kxd6 34. Rxf7 Nxf7 35. c4 h6 36. Rf1 Ke7 37. Kg2 Nd6 38. Rc1 Nf5 39. d5 Kd6 40. Kf3 Ke5 41. Re1+ Kd4 42. Re4+ Kc5 43. Kg4 Nd6 44. Rf4 a6 45. Kh5 b5 46. cxb5 axb5 47. Kxh6 Kxd5 48. h4 1-0

[Event "Cheliabinsk Region Club-ch fin"]
[Site "Cheliabinsk"]
[Date "2011.12.10"]
[Round "3"]
[White "Kholopov, Alexander A"]
[Black "Sotnikov, Alexander I"]
[Result "1/2-1/2"]
[WhiteElo "2329"]
[BlackElo "2220"]
[PlyCount "20"]
[EventDate "2011.12.10"]
[EventType "swiss"]
[EventRounds "9"]
[EventCountry "RUS"]
[SourceTitle "EXT 2022"]
[Source "ChessBase"]
[SourceDate "2021.10.06"]
[SourceVersion "1"]
[SourceVersionDate "2021.10.06"]
[SourceQuality "1"]

1. d4 Nf6 2. c4 e6 3. Nc3 Bb4 4. e3 0-0 5. Nge2 c5 6. a3 Bxc3+ 7. Nxc3 b6 8. Bd3 Bb7 9. 0-0 d6 10. Qc2 Nbd7 1/2-1/2

[Event "Cheliabinsk Region Club-ch fin"]
[Site "Cheliabinsk"]
[Date "2011.12.10"]
[Round "4"]
[White "Sotnikov, Alexander I"]
[Black "Volozhanin, Boris"]
[Result "1-0"]
[WhiteElo "2220"]
[BlackElo "1837"]
[PlyCount "155"]
[EventDate "2011.12.10"]
[EventType "swiss"]
[EventRounds "9"]
[EventCountry "RUS"]
[SourceTitle "EXT 2022"]
[Source "ChessBase"]
[SourceDate "2021.10.06"]
[SourceVersion "1"]
[SourceVersionDate "2021.10.06"]
[SourceQuality "1"]

1. Nf3 d5 2. b3 Nf6 3. Bb2 e6 4. g3 c5 5. Bg2 Nc6 6. 0-0 Bd6 7. d3 0-0 8. Nbd2 e5 9. e4 d4 10. Nc4 Bc7 11. a4 Bg4 12. h3 Bh5 13. Ba3 b6 14. g4 Bg6 15. Nh4 Rc8 16. Nf5 Nd7 17. Bc1 a6 18. Nd2 f6 19. h4 Bf7 20. f3 Be6 21. Rf2 Ne7 22. Bf1 g6 23. Nxe7+ Qxe7 24. Rh2 f5 25. Be2 Nf6 26. Nc4 b5 27. Nb2 Qd7 28. Bh6 fxg4 29. Bxf8 Rxf8 30. fxg4 Nxg4 31. Bxg4 Bxg4 32. Qe1 Rf3 33. axb5 axb5 34. Ra8+ Kg7 35. Ra7 Bh3 36. Nd1 Rf1+ 37. Qxf1 Bxf1 38. Kxf1 c4 39. bxc4 bxc4 40. Nf2 Qc6 41. Kg2 Qb6 42. Ra4 cxd3 43. cxd3 Kh6 44. Rh3 Qb2 45. Ra7 Qb6 46. Ra8 Qc6 47. Rf8 Bd6 48. Rf6 Kg7 49. Rff3 Ba3 50. h5 Bc1 51. Ng4 Bf4 52. h6+ Kg8 53. Rf2 Qe6 54. Kf3 Qb3 55. Kg2 Qd1 56. Rhf3 Qc1 57. Nxe5 Bxh6 58. Ng4 Bg7 59. Ra2 h5 60. Ra8+ Kh7 61. Nf2 Be5 62. Rf7+ Kh6 63. Ra5 Qg5+ 64. Kf1 Qg3 65. Ra6 h4 66. Re7 h3 67. Rxe5 Qg2+ 68. Ke2 h2 69. Re8 Kg7 70. Ra7+ Kf6 71. Rh7 g5 72. Rg8 Qg3 73. Rgh8 Qe3+ 74. Kf1 Qc1+ 75. Kg2 Qg1+ 76. Kf3 Qc1 77. Rf8+ Kg6 78. Rxh2 1-0

[Event "UrFO-ch op"]
[Site "Cheliabinsk"]
[Date "2011.03.23"]
[Round "6"]
[White "Tsvetkov, Pavel"]
[Black "Sotnikov, Alexander I"]
[Result "0-1"]
[WhiteElo "2060"]
[BlackElo "2249"]
[PlyCount "74"]
[EventDate "2011.03.19"]
[EventType "swiss"]
[EventRounds "9"]
[EventCountry "RUS"]
[SourceTitle "EXT 2012"]
[Source "ChessBase"]
[SourceDate "2011.11.24"]
[SourceVersion "1"]
[SourceVersionDate "2011.11.24"]
[SourceQuality "1"]

1. e4 c6 2. d4 g6 3. Nc3 Bg7 4. Bg5 Qb6 5. Nf3 Qxb2 6. Na4 Qb4+ 7. c3 Qa5 8. Rc1 d6 9. Nb2 h6 10. Be3 Be6 11. Nc4 Qc7 12. Bd3 Nd7 13. 0-0 Ngf6 14. Nfd2 d5 15. Nb2 Ng4 16. e5 Nxe3 17. fxe3 h5 18. e4 Bh6 19. exd5 cxd5 20. c4 Qb6 21. Nb3 Bxc1 22. Qxc1 Nxe5 23. c5 Nxd3 24. Nxd3 Qc6 25. Ne5 Qc7 26. Qg5 Bf5 27. Rxf5 gxf5 28. Qxf5 e6 29. Qf6 Rh7 30. c6 b6 31. Qg5 Rh8 32. Qf6 Rg8 33. a4 Qe7 34. Qf1 Rg5 35. Nd7 Qb4 36. Qc1 Rf5 37. Qe3 Rc8 0-1

[Event "Cheliabinsk-ch"]
[Site "Cheliabinsk"]
[Date "2011.03.04"]
[Round "7"]
[White "Barkov, Alexey"]
[Black "Sotnikov, Alexander I"]
[Result "0-1"]
[WhiteElo "2090"]
[BlackElo "2249"]
[PlyCount "92"]
[EventDate "2011.02.26"]
[EventType "swiss"]
[EventRounds "9"]
[EventCountry "RUS"]
[SourceTitle "CBM 141 Extra"]
[Source "ChessBase"]
[SourceDate "2011.05.03"]
[SourceVersion "1"]
[SourceVersionDate "2011.05.03"]
[SourceQuality "1"]

1. e4 c6 2. d4 g6 3. Nf3 Bg7 4. c3 d5 5. e5 f6 6. Bd3 Bg4 7. exf6 exf6 8. h3 Qe7+ 9. Be3 Be6 10. Qd2 Nd7 11. Na3 Qf7 12. 0-0-0 Ne7 13. Rde1 0-0 14. g4 Rfe8 15. Nh2 b5 16. Nc2 Nb6 17. b3 a5 18. Kb2 Nec8 19. Bf4 Bf8 20. g5 fxg5 21. Bxg5 Nd6 22. Ng4 Bg7 23. Ne5 Qb7 24. Qf4 Rf8 25. Qh4 Nf5 26. Qg4 Bc8 27. Qg2 a4 28. b4 a3+ 29. Kc1 Na4 30. Kd2 Nb2 31. h4 Nxd3 32. Nxd3 Qf7 33. Ne3 Nd6 34. Bf4 Ne4+ 35. Kc2 Qa7 36. Rb1 Nxc3 37. Be5 Nxb1 38. Kxb1 Bf5 39. Nxf5 Rxf5 40. h5 Bxe5 41. dxe5 Qd4 42. Rh3 Ra4 43. hxg6 h5 44. Kc2 Rxb4 45. Nxb4 Rxf2+ 46. Qxf2 Qxf2+ 0-1

[Event "Cheliabinsk-ch"]
[Site "Cheliabinsk"]
[Date "2011.03.02"]
[Round "5"]
[White "Gorbushin, Maksim"]
[Black "Sotnikov, Alexander I"]
[Result "0-1"]
[WhiteElo "2061"]
[BlackElo "2249"]
[PlyCount "88"]
[EventDate "2011.02.26"]
[EventType "swiss"]
[EventRounds "9"]
[EventCountry "RUS"]
[SourceTitle "CBM 141 Extra"]
[Source "ChessBase"]
[SourceDate "2011.05.03"]
[SourceVersion "1"]
[SourceVersionDate "2011.05.03"]
[SourceQuality "1"]

1. c4 b6 2. Nc3 Bb7 3. Nf3 f5 4. g3 Nf6 5. Bg2 e6 6. 0-0 Be7 7. d4 0-0 8. d5 Bb4 9. Bg5 Bxc3 10. bxc3 h6 11. Bxf6 Qxf6 12. Qd4 Na6 13. Qxf6 Rxf6 14. Nd4 e5 15. Nb3 d6 16. a4 Nc5 17. Nxc5 bxc5 18. e4 f4 19. Rfb1 Ba6 20. Bf1 Raf8 21. Rb2 g5 22. Rab1 Kg7 23. a5 g4 24. Be2 h5 25. Rb8 Kh6 26. Rxf8 Rxf8 27. Rb2 Kg5 28. Rb1 h4 29. Rb2 hxg3 30. hxg3 Rd8 31. Bd3 f3 32. Rb1 Kf6 33. Rb2 Rh8 34. Rb1 Ke7 35. Rb2 Kd7 36. Rb1 Kc8 37. Rb2 c6 38. Bc2 Bxc4 39. dxc6 Bf1 40. Bb3 c4 41. Bxc4 Bxc4 42. Rb7 a6 43. Rg7 Rg8 44. Ra7 Rg6 0-1

[Event "Cheliabinsk-ch"]
[Site "Cheliabinsk"]
[Date "2011.02.28"]
[Round "3"]
[White "Povolotsky, Evgeny"]
[Black "Sotnikov, Alexander I"]
[Result "0-1"]
[WhiteElo "1975"]
[BlackElo "2249"]
[PlyCount "102"]
[EventDate "2011.02.26"]
[EventType "swiss"]
[EventRounds "9"]
[EventCountry "RUS"]
[SourceTitle "CBM 141 Extra"]
[Source "ChessBase"]
[SourceDate "2011.05.03"]
[SourceVersion "1"]
[SourceVersionDate "2011.05.03"]
[SourceQuality "1"]

1. e4 Nc6 2. Nf3 d6 3. d4 Bg4 4. d5 Nb8 5. c4 g6 6. Be2 Bg7 7. Qc2 c5 8. Nc3 Nf6 9. e5 Bf5 10. Qa4+ Nfd7 11. exd6 exd6 12. Bf4 0-0 13. 0-0 Re8 14. Rfe1 Ne5 15. Nxe5 dxe5 16. Be3 Bd7 17. Qb3 b6 18. Rad1 f5 19. f3 a5 20. a3 Rf8 21. Qc2 h6 22. Rb1 Na6 23. Na2 a4 24. Nc3 Nc7 25. b3 axb3 26. Qxb3 Ra6 27. a4 Rf6 28. Bd1 Rd6 29. Bc2 Qf6 30. Bf2 Qf8 31. Re2 g5 32. Bg3 f4 33. Bf2 Bf5 34. Bxf5 Qxf5 35. Bxc5 bxc5 36. Qb8+ Kh7 37. Qxc7 Qd3 38. Rc1 Rg6 39. h3 Rxa4 40. Rd1 Qxc3 41. d6 Ra1 42. Ree1 Qxe1+ 43. Rxe1 Rxe1+ 44. Kh2 Rd1 45. d7 Rgd6 46. Qxc5 Rxd7 47. Qb6 e4 48. fxe4 f3 49. Kg3 fxg2 50. Kxg2 R1d2+ 51. Kg3 h5 0-1

[Event "Cheliabinsk-ch HL op"]
[Site "Cheliabinsk"]
[Date "2010.01.??"]
[Round "9"]
[White "Sotnikov, Alexander I"]
[Black "Kosov, Viacheslav"]
[Result "1/2-1/2"]
[WhiteElo "2291"]
[BlackElo "2072"]
[PlyCount "48"]
[EventDate "2010.01.??"]
[EventType "swiss"]
[EventRounds "9"]
[EventCountry "RUS"]
[SourceTitle "CBM 134 Extra"]
[Source "ChessBase"]
[SourceDate "2010.03.03"]
[SourceVersion "1"]
[SourceVersionDate "2010.03.03"]
[SourceQuality "1"]

1. Nf3 d5 2. b3 Nf6 3. Bb2 Bf5 4. g3 c6 5. Bg2 Nbd7 6. Nh4 Bg4 7. h3 Bh5 8. f4 e6 9. g4 Ne4 10. Nf3 Bg6 11. e3 h5 12. g5 h4 13. Nc3 Bh5 14. Ne2 f6 15. d3 Ng3 16. Nxg3 hxg3 17. gxf6 gxf6 18. Qd2 Qb6 19. 0-0-0 0-0-0 20. Kb1 Bb4 21. c3 Be7 22. Rc1 Rhg8 23. Rhf1 Qa6 24. Ne1 Bg6 1/2-1/2

[Event "Cheliabinsk-ch HL op"]
[Site "Cheliabinsk"]
[Date "2010.01.??"]
[Round "4"]
[White "Sotnikov, Alexander I"]
[Black "Shurunov, Arseny"]
[Result "1/2-1/2"]
[WhiteElo "2291"]
[BlackElo "2145"]
[PlyCount "108"]
[EventDate "2010.01.??"]
[EventType "swiss"]
[EventRounds "9"]
[EventCountry "RUS"]
[SourceTitle "CBM 134 Extra"]
[Source "ChessBase"]
[SourceDate "2010.03.03"]
[SourceVersion "1"]
[SourceVersionDate "2010.03.03"]
[SourceQuality "1"]

1. Nf3 Nf6 2. b3 g6 3. Bb2 Bg7 4. g3 0-0 5. Bg2 d6 6. d4 Nbd7 7. Nbd2 c5 8. e3 Rb8 9. a4 Qc7 10. dxc5 Nxc5 11. Nd4 a6 12. a5 Bg4 13. N4f3 e5 14. h3 Be6 15. 0-0 h6 16. c4 Nfe4 17. Nxe4 Nxe4 18. Nd2 Nc5 19. Kh2 f5 20. e4 b5 21. axb6 Qxb6 22. Ba3 f4 23. g4 f3 24. Bxc5 dxc5 25. Bxf3 Bf6 26. Qc2 Bg5 27. Bd1 Rb7 28. Nf3 Bf4+ 29. Kg2 h5 30. Qa2 Ra7 31. Nh2 Qc6 32. f3 Bc8 33. Qf2 Rh7 34. Rh1 Rd8 35. Be2 Rd4 36. Nf1 hxg4 37. hxg4 Qb7 38. Ne3 Qe7 39. Nd5 Qg5 40. Rxh7 Kxh7 41. Rh1+ Kg7 42. Nxf4 exf4 43. Qh4 Qxh4 44. Rxh4 Rd2 45. Kf1 Kf6 46. Rh8 Be6 47. Ke1 Rb2 48. Bd1 Ke5 49. Rd8 a5 50. Rd3 g5 51. Be2 Rb1+ 52. Bd1 Rb2 53. Rd8 Ra2 54. Rd3 Rb2 1/2-1/2